000 00505nam a22001697a 4500
020 _a0-590-13900-2
082 _a823
_bDEA/H
100 _aDEARY, TERRY
245 _aHORRIBLE HISTORIES: THE MEASLY MIDDLE AGES
_bTHE MEASLY MIDDLE AGES
246 _aTHE MEASLY MIDDLE AGES
_bTHE MEASLY MIDDLE AGES
260 _aLONDON
_bSCHOLASTIC CHILDREN'S BOOKS
300 _a128
500 _a illustrated history books
520 _a illustrated history books
650 _a illustrated history books
942 _cBK
999 _c8527
_d8527